Five Country Shapes in the World Map by Continent #2 - Statistics

General Stats
  • This quiz has been taken 2,877 times
  • The average score is 28 of 30
Answers on the Map
Answers color-coded by a green-red scale on the quiz's map according to % correct below.
 
Answer Stats
Continent Country % Correct
North America United States
100%
South America Argentina
99%
Oceania Australia
99%
South America Brazil
99%
Africa Egypt
99%
Europe France
99%
Europe Sweden
99%
Asia Mongolia
98%
South America Bolivia
97%
South America Ecuador
96%
Asia Oman
96%
North America Bahamas
95%
Asia Cambodia
95%
Africa Ethiopia
95%
North America Haiti
95%
Europe Lithuania
95%
South America Suriname
95%
Asia Bangladesh
94%
North America Honduras
94%
North America Nicaragua
94%
Europe Albania
93%
Europe Bulgaria
93%
Africa Angola
92%
Asia Turkmenistan
92%
Oceania Fiji
91%
Africa Benin
89%
Oceania Kiribati
88%
Africa Uganda
88%
Oceania Palau
85%
Oceania Samoa
85%
No matching quizzes found
Score Distribution
Percent of People with Each Score
Percentile by Number Answered
Your Score History
You have not taken this quiz